000 00661nmc a2200265 a 4500
003 AR-BaBNM
005 20251128211537.0
008 174120s1992 ||||||||||||||000 | spa||
020 _a0-435-27246-2
040 _cAR-BaBNM
100 1 _aAchebe, Chinua
245 1 0 _aThings fall apart
260 _aOxford
_bHeinemann
_c1992
300 _a95 p.
_bil.
490 0 _aHeinemann guided readers
500 _aNivel intermedio
650 4 _aENSENANZA DE IDIOMAS
650 4 _aINGLES
653 _aNOVELA CORTA
700 1 _aDavey, John
_eeditor
700 1 _aHarrison, Matilda
_eilustrador
800 1 _aMilne, John
942 _cBK
998 _cEugenia
999 _c20115
_d20115